01473nam a2200349Ia 4500001001200000003000800012006001900020007001500039008004100054020001500095040002100110035002000131050002600151082001700177100002000194245012500214260006000339300003700399490006800436504005100504533015200555650001400707650001900721650003900740655002900779700002500808700003300833710001700866830009700883856012600980999001701106ebr10079932CaPaEBRm u cr cn|||||||||040930s2004 njua sb 001 0 eng d z9812389199 aCaPaEBRcCaPaEBR a(OCoLC)7077425014aTJ211.B56bF73 2004eb04a629.89322221 aFrasca, Mattia.10aBio-inspired emergent control of locomotion systemsh[electronic resource] /cMattia Frasca, Paolo Arena, Luigi Fortuna. aRiver Edge, N.J. ;aLondon :bWorld Scientific,cc2004. axii, 198 p. :bill. (some col.).1 aWorld Scientific series on nonlinear science. Series A ;vv. 48 aIncludes bibliographical references and index. aElectronic reproduction.bPalo Alto, Calif. :cebrary,d2009.nAvailable via World Wide Web.nAccess may be limited to ebrary affiliated libraries. 0aRobotics. 0aMobile robots. 0aNeural networks (Computer science) 7aElectronic books.2local1 aArena, Paolo,d1966-1 aFortuna, L.q(Luigi),d1953-2 aebrary, Inc. 0aWorld Scientific series on nonlinear science.nSeries A,pMonographs and treatises ;vv. 48.40uhttp://site.ebrary.com/lib/rucke/Doc?id=10079932zAn electronic book accessible through the World Wide Web; click to view c74178d74178